Statistics for Oliver Twist - Guess the Characters

Click here to take the quiz!

General Stats

  • This quiz has been taken 53 times
  • The average score is 8 of 13

Answer Stats

HintAnswer% Correct
1An orphaned boy, grows up in a workhouse. Our protagonist.Oliver Twist
95%
7Elderly Boss of a criminal gang, including (10) and (11).Fagin
89%
10Most adept pickpocket of (7).The Artful Dodger / Jack Dawkins
84%
12Brutally murdered by (8).Nancy
70%
2A beadle in the parish workhouse where (1) was born.Mr Bumble
68%
5A kindly gentleman who takes in (1) and becomes his first benefactor.Mr Brownlow
64%
9Aggressive dog of (8).Bull's Eye
61%
8A professional criminal, notoriously viscious. Murders (12) in a rage.Bill Sykes
57%
3An undertaker who takes on (1) as an apprentice.Mr Sowerberry
57%
4A cowardly bully, additional apprentice of (3).Noah Claypole
55%
13Sickly criminal, an associate of (7), and long-lost half-brother of (1)Monks
36%
11Pickpocket in the gang run by (7). Friend of (10).Charley Bates
32%
6Second benefactor of (1), later found to be his aunt.Rose Maylie
32%

Score Distribution

Percentile by Number Answered

Percent of People with Each Score

Your Score History

You have not taken this quiz